000 00508nam a2200169 i 4500
001 50142
003 ES-MaACL
005 20230906162130.0
007 t|
008 030731s1930 fr |||| | fre d
100 1 _aCrommelynck, Fernand.
_941686
245 1 0 _aCarine ou La jeue fille folle de sin âme
_b; Tripes d'or /
_cFernand Crommelynck.
260 _aParis :
_bEd. Emile-Paul Frères,
_c1930 (
_eParis :
_fChaix)
300 _a304 p. ;
_c19 cm.
740 0 2 _aTripes d'or.
852 _aES-MaACL
_jA-3348
999 _c50142
_d50142